International journal of pharmacology and biological sciences

Bibliographic Details
Format: Electronic Journal
Language:English
Published: Jālgaon, India : Advances in Pharmacology and Toxicology (APT Journals)
Subjects:
Online Access:Full text available from Research Library: 04/01/2010 to 08/31/2017

MARC

LEADER 00000nas a2200000 i 4500
001 ssj0001072978
003 WaSeSS
005 20200512172242.0
006 m d
007 cr n
008 131219c20uu9999ii f| p|s|||||| |0eng d
022 |y 0973-6808 
035 |a (WaSeSS)ssj0001072978 
040 |a WaSeSS  |b eng  |c WaSeSS  |d WaSeSS 
050 1 4 |a RM1 
245 0 0 |a International journal of pharmacology and biological sciences  |h [electronic resource]. 
260 |a Jālgaon, India :  |b Advances in Pharmacology and Toxicology (APT Journals) 
310 |a Semiannual 
506 |a License restrictions may limit access. 
588 |a Description based on: Volume 4 (1) (2010); title from article pdf (ProQuest, viewed Dec. 18, 2013). 
588 |a Latest issue consulted: Volume 7 (2) (2013) (viewed Dec. 18, 2013). 
650 0 |a Pharmacology  |v Periodicals. 
655 0 |a Electronic journals. 
776 0 8 |i Print version:  |t International journal of pharmacology and biological sciences  |x 0973-6808 
856 4 0 |z Full text available from Research Library: 04/01/2010 to 08/31/2017  |u https://search.proquest.com/publication/136118